| 000 | 01049cam a2200265 4500 | ||
|---|---|---|---|
| 001 | ##L134685 | ||
| 002 | ##9034 | ||
| 008 | 060825n2006 000 0 eng u | ||
| 020 | _a0415386144 | ||
| 035 | _a(Sirsi) u134685 | ||
| 041 | 0 | _aeng | |
| 050 | 0 | 4 | _a692.5 $2 18 |
| 100 | 1 | _aSpain, Bryan | |
| 245 | 0 | 0 | _aSpon's estimating costs guide to electrical works |
| 250 | _a3rd ed. | ||
| 260 |
_aAbingdon _bTaylor and Francis _c2006 |
||
| 300 |
_ax, 288p. _c22cm. |
||
| 350 | _a27.99 | ||
| 520 | _aWritten for contractors and small businesses carrying out small works, this book contains cost information and rates broken down into labour, material overheads and profit for residential, retail and light industrial premises. Includes typical project costs as well as information and advice on setting up and running a business, taxation, VAT and book-keeping. | ||
| 520 | _aSupersedes second edition (ISBN 041531853X) | ||
| 590 | _aIKA190906 NTK | ||
| 651 | 4 |
_aUnited Kingdom _y |
|
| 690 | _aBUILT ENVIRONMENT-BUILDINGCOSTS | ||
| 942 | _n0 | ||
| 999 |
_c105773 _d105773 |
||